[Event "Druzynowe Mistrzostwa Polski Juniorow - Ekstraliga 2021"]
[Site "Lublin"]
[Date "1899-12-30"]
[Round "8.9"]
[White "Malek, Jan"]
[Black "Kubik, Rafal"]
[Result "0-1"]
[WhiteTitle "I++"]
[BlackTitle "I"]
[WhiteElo "2097"]
[BlackElo "1761"]

1. e4 c5 2. Nf3 g6 3. c3 d5 4. exd5 Qxd5 5. d4 Bg7 6. dxc5 Qxc5 7. Be2 Nf6 8. Na3
a6 9. Nc4 Nbd7 10. a4 O-O 11. O-O Qc7 12. a5 b5 13. axb6 Nxb6 14. Bf4 Qxf4 15.
Nxb6 Rb8 16. Nxc8 Rfxc8 17. Qc2 Nd5 18. Rfd1 e6 19. Bxa6 Rc6 20. Qe2 Rcb6 21.
Rd2 Qc7 22. g3 Qa7 23. Ra3 Bf8 24. Ra2 Nc7 25. Bc4 Qb7 26. Ne5 Nd5 27. Qf3 Bg7
28. Rxd5 Bxe5 29. Rd3 Qxf3 30. Rxf3 Rxb2 31. Ra7 R8b7 32. Rxf7 Rxf7 33. Bxe6 Rbxf2
34. Bxf7+ Rxf7 35. Rxf7 Kxf7 36. c4 Ke6 37. Kf2 Bd4+ 38. Kf3 Kf5 39. h4 h5 0-1

[Event "Druzynowe Mistrzostwa Polski Juniorow - Ekstraliga 2021"]
[Site "Lublin"]
[Date "1899-12-30"]
[Round "8.10"]
[White "Karwot, Marek"]
[Black "Wydmanski, Szymon"]
[Result "0-1"]
[WhiteTitle "II"]
[BlackTitle "I"]
[WhiteElo "1395"]
[BlackElo "1697"]

1. e4 d5 2. exd5 Nf6 3. d4 Nxd5 4. Nf3 Bg4 5. Be2 Nc6 6. h3 Bh5 7. c4 Nb6 8. g4
Bg6 9. a3 e6 10. Nc3 Be7 11. Be3 O-O 12. Ne5 Nxe5 13. dxe5 Nd7 14. Qd4 c5 15.
Qf4 Qc7 16. O-O-O Nxe5 17. Qg3 Rad8 18. Bf4 h6 19. h4 f6 20. g5 Kh7 21. h5 Bf5
22. Rxd8 Rxd8 23. gxh6 gxh6 24. Rg1 Bd6 25. Nb5 Nd3+ 26. Bxd3 Bxf4+ 27. Kb1 Bxd3+
28. Qxd3+ Rxd3 29. Nxc7 Bxc7 0-1

[Event "Druzynowe Mistrzostwa Polski Juniorow - Ekstraliga 2021"]
[Site "Lublin"]
[Date "1899-12-30"]
[Round "8.11"]
[White "Dylag, Emilia"]
[Black "Bugaj, Hanna"]
[Result "1-0"]
[WhiteTitle "WFM"]
[BlackTitle "I++"]
[WhiteElo "2116"]
[BlackElo "1769"]

1. c4 e6 2. Nc3 d5 3. e3 c5 4. Nf3 Nc6 5. cxd5 exd5 6. d4 Nf6 7. Bb5 Bg4 8. dxc5
Bxc5 9. Qa4 Bd7 10. Qd1 a6 11. Be2 Bf5 12. O-O O-O 13. Qb3 b5 14. a3 Qd7 15. Nh4
Be6 16. Qc2 Bb6 17. Rd1 Rac8 18. Nf3 Qa7 19. Bd3 h6 20. Qe2 d4 21. Ne4 Nxe4 22.
Bxe4 dxe3 23. Bxe3 Bxe3 24. Qxe3 Qxe3 25. fxe3 f5 26. Bxc6 Rxc6 27. Nd4 Rb6 28.
Rac1 Kf7 29. Rc7+ Kf6 30. e4 g6 31. Nc6 Rc8 32. e5+ Kg5 33. Rxc8 Bxc8 34. Rd6
Bd7 35. Nb4 Rxd6 36. exd6 Kf6 37. Nxa6 Ke6 38. Nc5+ Kxd6 39. Nxd7 Kxd7 40. Kf2
Kd6 41. Ke3 Kc5 42. b3 g5 43. h3 Kd5 44. a4 Kc5 45. axb5 Kxb5 46. Kd4 Kb4 47.
Ke5 f4 48. Kf5 Kxb3 49. Kg6 Kc3 50. Kxh6 g4 51. hxg4 Kd4 52. g5 Ke3 53. g6 1-0

[Event "Druzynowe Mistrzostwa Polski Juniorow - Ekstraliga 2021"]
[Site "Lublin"]
[Date "1899-12-30"]
[Round "8.12"]
[White "Sprzeczka, Emilia"]
[Black "Szopa, Emilia"]
[Result "1-0"]
[WhiteTitle "I"]
[BlackTitle "I++"]
[WhiteElo "1431"]
[BlackElo "1688"]

1. e4 c6 2. d4 d5 3. exd5 cxd5 4. c4 Nf6 5. Nc3 g6 6. Qb3 Bg7 7. cxd5 O-O 8. Be2
Nbd7 9. Nh3 Nb6 10. Nf4 g5 11. Nh5 Nxh5 12. Bxh5 e6 13. Ne4 exd5 14. Nxg5 Bf5
15. Qf3 Bg6 16. Bxg6 fxg6 17. Qh3 Re8+ 18. Kf1 Qe7 19. Qxh7+ Kf8 20. Be3 Qf6 21.
Qh3 Kg8 22. b3 Rac8 23. Qf3 Qe7 24. h4 Rc3 25. Rd1 Rf8 26. Qg3 Rxe3 27. Nf3 Re6
28. h5 gxh5 29. Rxh5 Rff6 30. Rc1 Rc6 31. Re1 Qf7 32. Rg5 Rg6 33. Ne5 Rxg5 34.
Qxg5 Qf6 35. Qh5 Rc2 36. Ng4 Qc6 37. Re8+ Bf8 38. Nh6+ Kg7 39. Nf5+ Kf6 40. Rxf8+
Ke6 41. Qf7# 1-0

[Event "Druzynowe Mistrzostwa Polski Juniorow - Ekstraliga 2021"]
[Site "Lublin"]
[Date "1899-12-30"]
[Round "8.13"]
[White "Dzida, Kamil"]
[Black "Karolczuk, Iwo"]
[Result "1-0"]
[WhiteTitle "k+"]
[BlackTitle "k"]
[WhiteElo "2204"]
[BlackElo "2074"]

1. d4 Nf6 2. c4 g6 3. Nc3 Bg7 4. e4 O-O 5. Nf3 d6 6. Be2 c5 7. O-O Nc6 8. d5 Na5
9. Qc2 e5 10. a3 b6 11. Ne1 Ne8 12. b4 Nb7 13. Nd3 f5 14. Bd2 Nf6 15. f3 f4 16.
Rfb1 g5 17. Nb5 g4 18. bxc5 bxc5 19. Rb2 Rf7 20. Rab1 Bf8 21. Be1 gxf3 22. Bxf3
Ng4 23. Qe2 Rg7 24. Nf2 h5 25. Nc3 Rb8 26. Ncd1 Qg5 27. h3 Nf6 28. Nc3 Nh7 29.
Kh1 Ra8 30. Nfd1 Nf6 31. Nf2 Rb8 32. Nb5 Ra8 33. a4 a5 34. Na3 Rh7 35. Kg1 Rg7
36. Rb6 Qg6 37. Nd3 Nh7 38. Nxe5 Qe8 39. Nd3 Ng5 40. Bc3 Rh7 41. Nxf4 Qf7 42.
Ne6 Nxf3+ 43. Qxf3 Qxf3 44. gxf3 Bxe6 45. dxe6 Nd8 46. Nb5 Nxe6 47. Nxd6 Rd7 48.
Be5 Nd4 49. Kf2 Rad8 50. Nb7 Ra8 51. Rg1+ Kh7 52. Rg5 Ra7 53. Rxh5+ Kg8 54. Rh8+
Kf7 55. Rf6+ Ke7 56. Nxc5 1-0

[Event "Druzynowe Mistrzostwa Polski Juniorow - Ekstraliga 2021"]
[Site "Lublin"]
[Date "1899-12-30"]
[Round "8.14"]
[White "Backiel, Hubert"]
[Black "Koziorowicz, Michal"]
[Result "1/2-1/2"]
[WhiteTitle "I+"]
[BlackTitle "k+"]
[WhiteElo "2010"]
[BlackElo "2122"]

1. e4 c5 2. Nf3 e6 3. d4 cxd4 4. Nxd4 Nc6 5. Nc3 a6 6. a3 Nxd4 7. Qxd4 b5 8. Be2
Bb7 9. O-O Qc7 10. Bg5 Qc5 11. Rad1 Qxd4 12. Rxd4 f6 13. Be3 Bc5 14. Rd3 Bxe3
15. Rxe3 Nh6 16. Rd1 Ke7 17. a4 b4 18. Na2 a5 19. Bb5 Bc6 20. Bxc6 dxc6 21. Red3
Ra7 22. Nc1 Rc8 23. Nb3 c5 24. c4 Nf7 25. f4 Rc6 26. Kf2 Nd6 27. Nd2 h6 28. Ke3
g5 29. g3 Nf7 30. Nb3 Rcc7 31. h4 g4 32. Kf2 Rc6 33. Ke3 Nd6 34. Rc1 Nc8 35. Na1
Nb6 36. b3 Rd7 37. Rcd1 Rcd6 38. Rxd6 Rxd6 39. Rxd6 Kxd6 40. Nc2 Nc8 41. Kd3 Ne7
42. Ne3 h5 43. Nc2 Nc6 44. Kd2 e5 45. f5 Nd4 46. Nxd4 exd4 47. Ke2 Ke7 48. Kd2
Kd7 49. Ke2 Kd6 50. Kd2 Ke5 51. Kd3 1/2-1/2

[Event "Druzynowe Mistrzostwa Polski Juniorow - Ekstraliga 2021"]
[Site "Lublin"]
[Date "1899-12-30"]
[Round "8.15"]
[White "Klimkowski, Jan"]
[Black "Rekuc, Patryk"]
[Result "1/2-1/2"]
[WhiteTitle "FM"]
[BlackTitle "II"]
[WhiteElo "2322"]
[BlackElo "1570"]

1. d4 Nf6 2. Nf3 g6 3. g3 Bg7 4. Bg2 O-O 5. O-O d6 6. b3 Nbd7 7. Bb2 c5 8. c4 a6
9. Nc3 Rb8 10. dxc5 Nxc5 11. Nd4 Ne6 12. Nxe6 Bxe6 13. Qd2 Qd7 14. Rfd1 Bh3 15.
Bh1 Qc7 16. Rac1 Rbc8 17. Bf3 Qd7 18. Na4 Rc7 19. Qa5 Qc8 20. Nb6 Qf5 21. Qxf5
Bxf5 22. Bxf6 Bxf6 23. Nd5 Rd7 24. Nxf6+ exf6 25. Rd4 Rfd8 26. Rcd1 Kf8 27. Rh4
g5 28. Rhd4 Ke7 29. h4 h6 30. Kg2 Bc2 31. Rh1 Bg6 32. Bd5 Rc7 33. hxg5 hxg5 34.
Be4 Ke6 35. Bd5+ Ke7 36. f4 b5 37. Be4 Bxe4+ 38. Rxe4+ Kd7 39. Rh7 Kc6 40. Rh6
f5 41. Rd4 Re7 42. cxb5+ axb5 43. Rd2 gxf4 44. gxf4 Re6 45. Rh5 Rde8 46. Kf2 Rf6
47. e3 Rg8 48. Ke2 Rg3 49. Kd3 d5 50. Re2 Kc5 51. Rh8 Re6 52. Rc8+ Kd6 53. Rd8+
Kc5 54. a3 Re4 55. Rc2+ Kb6 56. Rd6+ Kb7 57. Re2 Rxf4 58. Rxd5 Kc6 59. Rd8 Rff3
60. Rc2+ Kb7 61. Rd7+ Kb6 62. Rd6+ Kb7 63. Rd7+ Kb6 1/2-1/2

[Event "Druzynowe Mistrzostwa Polski Juniorow - Ekstraliga 2021"]
[Site "Lublin"]
[Date "1899-12-30"]
[Round "8.16"]
[White "Ptaszynski, Szymon"]
[Black "Rog, Bartlomiej"]
[Result "1/2-1/2"]
[WhiteTitle "II+"]
[BlackTitle "I++"]
[WhiteElo "1494"]
[BlackElo "1872"]

1. e4 c5 2. Nf3 d6 3. Bb5+ Bd7 4. c4 Nc6 5. Nc3 g6 6. d4 cxd4 7. Nxd4 Bg7 8. Be3
Nf6 9. h3 a6 10. Ba4 Qa5 11. O-O O-O 12. Bxc6 bxc6 13. Rc1 Rad8 14. Qc2 e5 15.
Nf3 Be6 16. b3 d5 17. cxd5 cxd5 18. exd5 Nxd5 19. Nxd5 Bxd5 20. Nd2 h6 21. Rfd1
Qb5 22. f3 f5 23. Nb1 Qb7 24. Nc3 Bc6 25. Na4 Rxd1+ 26. Rxd1 Bxa4 27. Qc4+ Kh7
28. Qxa4 Qb5 29. Qxb5 axb5 30. Rd2 Ra8 31. Kf1 Kg8 32. Ke2 Kf7 33. Bc5 1/2-1/2

[Event "Druzynowe Mistrzostwa Polski Juniorow - Ekstraliga 2021"]
[Site "Lublin"]
[Date "1899-12-30"]
[Round "8.17"]
[White "Siekanska, Zuzanna"]
[Black "Marcinczyk, Monika"]
[Result "1-0"]
[WhiteTitle "I++"]
[BlackTitle "WCM"]
[WhiteElo "1783"]
[BlackElo "2090"]

1. d4 Nf6 2. c4 g6 3. Nc3 Bg7 4. e4 d6 5. h3 O-O 6. Be3 e5 7. d5 Na6 8. Nge2 Nc5
9. f3 a5 10. g4 c6 11. Qd2 cxd5 12. cxd5 a4 13. Ng3 Bd7 14. h4 Qa5 15. h5 b5 16.
h6 Bh8 17. Nf5 Bxf5 18. gxf5 b4 19. Nd1 Nfd7 20. Bh3 Bf6 21. O-O Kh8 22. Kh1 Rg8
23. Nf2 Be7 24. Rg1 f6 25. fxg6 hxg6 26. Nd3 Nxd3 27. Bxd7 Nc5 28. Bxc5 dxc5 29.
Be6 Bd6 30. Bxg8 Rxg8 31. a3 Qb5 32. axb4 cxb4 33. Rac1 Bc5 34. Rg3 Bd4 35. h7
Rf8 36. Rxg6 Qd7 37. Qh6 Qxh7 38. Rc7 Qxh6+ 39. Rxh6+ Kg8 40. Rg6+ Kh8 41. Rc2
Rf7 42. d6 a3 43. bxa3 bxa3 44. Rh2+ Rh7 45. d7 Bb6 46. Rgg2 Bd8 47. Ra2 Rxh2+
48. Kxh2 Kg7 49. Rxa3 Kf7 50. Rd3 Ke6 51. Kg3 Ke7 52. Kg4 Ke6 53. Rd1 Ke7 54.
Kf5 Kf7 55. Rh1 Ke7 56. Rh7+ Kd6 57. Rh8 Kxd7 58. Rxd8+ 1-0

[Event "Druzynowe Mistrzostwa Polski Juniorow - Ekstraliga 2021"]
[Site "Lublin"]
[Date "1899-12-30"]
[Round "8.18"]
[White "Szczotka, Klara"]
[Black "Siekanska, Maria"]
[Result "1-0"]
[WhiteTitle "k"]
[BlackTitle "k"]
[WhiteElo "1934"]
[BlackElo "1903"]

1. e4 c5 2. Nf3 d6 3. d4 cxd4 4. Nxd4 e6 5. Nc3 Nc6 6. g4 h6 7. Be3 Nf6 8. h4 Nxd4
9. Bxd4 e5 10. Bb5+ Bd7 11. Bxd7+ Qxd7 12. Be3 Nxg4 13. Qd3 Nxe3 14. Qxe3 f5 15.
O-O-O Be7 16. Kb1 O-O 17. Rdg1 Kh8 18. Nd5 Rf7 19. Rg6 Re8 20. Qg3 fxe4 21. Rg1
Bd8 22. b3 Re6 23. Rg4 Bb6 24. Rg2 Bd4 25. Rxe4 Qb5 26. c4 Qa5 27. f3 b5 28. Qg4
Re8 29. Qg6 Ref8 30. Nf6 1-0

[Event "Druzynowe Mistrzostwa Polski Juniorow - Ekstraliga 2021"]
[Site "Lublin"]
[Date "1899-12-30"]
[Round "8.19"]
[White "Baum, Jonasz"]
[Black "Mis, Mieszko"]
[Result "1/2-1/2"]
[WhiteTitle "IM"]
[BlackTitle "FM"]
[WhiteElo "2260"]
[BlackElo "2336"]

1. d4 d5 2. c4 e6 3. Nc3 c6 4. e3 Nf6 5. Nf3 a6 6. b3 c5 7. dxc5 Bxc5 8. Bb2 O-O
9. cxd5 exd5 10. Be2 Nc6 11. O-O Be6 12. Rc1 Qe7 13. Qc2 Ba7 14. Rfd1 Rfd8 15.
Qb1 Rac8 16. Qa1 d4 17. Nxd4 Nxd4 18. exd4 Bxd4 19. Bf3 h6 20. h3 b5 21. Ne2 Rxc1
22. Qxc1 Bxb2 23. Rxd8+ Qxd8 24. Qxb2 Qd1+ 25. Kh2 Qd6+ 26. Kg1 Qd1+ 27. Kh2 Qd6+
28. Kg1 Qd1+ 29. Kh2 Qd6+ 30. Kg1 Qd1+ 1/2-1/2

[Event "Druzynowe Mistrzostwa Polski Juniorow - Ekstraliga 2021"]
[Site "Lublin"]
[Date "1899-12-30"]
[Round "8.20"]
[White "Chyzy, Jakub"]
[Black "Malicka, Maria"]
[Result "0-1"]
[WhiteTitle "FM"]
[BlackTitle "FM"]
[WhiteElo "2257"]
[BlackElo "2272"]

1. e4 c6 2. d4 d5 3. e5 c5 4. dxc5 e6 5. Nf3 Bxc5 6. Bd3 Ne7 7. O-O Ng6 8. Qe2
O-O 9. Ng5 Qc7 10. Qh5 h6 11. Nf3 Nc6 12. Re1 Nd4 13. Nxd4 Bxd4 14. c3 Bc5 15.
b4 Bb6 16. Bd2 a5 17. Na3 axb4 18. Nb5 Qe7 19. cxb4 Bd7 20. a4 Bxb5 21. Bxb5 Bd4
22. Ra3 Qc7 23. Rh3 Qc2 24. Be3 Nf4 25. Qg4 Nxh3+ 26. gxh3 Bxe3 27. Rxe3 Qg6 28.
Qxg6 fxg6 29. a5 Rfc8 30. Bd7 Rc1+ 31. Kg2 Kf7 32. Bb5 g5 33. Rf3+ Ke7 34. Rg3
Rc2 35. h4 Rf8 36. hxg5 Rfxf2+ 37. Kg1 h5 38. g6 h4 39. Rh3 Rg2+ 40. Kf1 Rxh2
0-1

[Event "Druzynowe Mistrzostwa Polski Juniorow - Ekstraliga 2021"]
[Site "Lublin"]
[Date "1899-12-30"]
[Round "8.21"]
[White "Janeczko, Jakub"]
[Black "Sowinski, Pawel"]
[Result "1/2-1/2"]
[WhiteTitle "I++"]
[BlackTitle "I++"]
[WhiteElo "1918"]
[BlackElo "2006"]

1. Nf3 Nf6 2. c4 b6 3. g3 Bb7 4. Bg2 e6 5. O-O Be7 6. b3 O-O 7. Bb2 d5 8. d3 c5
9. e3 Nc6 10. Qe2 Qc7 11. Nc3 Rad8 12. Rad1 a6 13. Rd2 Rfe8 14. Rfd1 d4 15. Ne4
e5 16. Ne1 h6 17. g4 g6 18. Ng3 Kg7 19. Bc1 Nh7 20. Bd5 Nf6 21. Bg2 Bd6 22. Rb2
e4 23. Nxe4 Bxh2+ 24. Kh1 Be5 25. Nxf6 Bxf6 26. e4 Bg5 27. Qf3 Bc8 28. Bh3 Be6
29. Ng2 Rd7 30. Bf4 Ne5 31. Qg3 f6 32. Re2 Rh8 33. f3 h5 34. Kg1 h4 35. Qf2 Nxd3
36. Bxc7 Nxf2 37. Kxf2 Rxc7 38. f4 Bh6 39. Kf3 g5 40. e5 Bd7 41. e6 Bc6+ 42. Kf2
Bxg2 43. Bxg2 gxf4 44. Bd5 Kf8 45. Kf3 Ke7 46. Rh1 Bg5 47. Ke4 b5 48. Rh3 b4 49.
a4 bxa3 50. Ra2 Rb8 51. Rxa3 Rb6 52. Kf5 Kd6 53. Ra5 Ke7 54. Rf3 Kd6 55. Rh3 Ke7
56. Rf3 Rc8 57. Rh3 Kd6 58. Rf3 Rc7 59. Rh3 Ke5+ 60. Ke4+ 1/2-1/2

[Event "Druzynowe Mistrzostwa Polski Juniorow - Ekstraliga 2021"]
[Site "Lublin"]
[Date "1899-12-30"]
[Round "8.22"]
[White "Krawczyk, Flawian"]
[Black "Mulawa, Cyprian"]
[Result "1-0"]
[WhiteTitle "I+"]
[BlackTitle "I"]
[WhiteElo "1942"]
[BlackElo "1989"]

1. d4 Nf6 2. c4 g6 3. Nc3 Bg7 4. e4 d6 5. h3 O-O 6. Be3 c5 7. d5 e6 8. Nf3 exd5
9. exd5 Bf5 10. Bd3 Re8 11. O-O Ne4 12. Nxe4 Bxe4 13. Bxe4 Rxe4 14. Qc2 Re8 15.
Bg5 Qb6 16. Rfe1 Nd7 17. Qa4 Rxe1+ 18. Rxe1 Nf6 19. b3 Kf8 20. Nd2 h6 21. Bh4
g5 22. Bg3 a6 23. Nf1 Ne8 24. Ne3 Bc3 25. Re2 Ng7 26. Ng4 h5 27. Nh6 Qd8 28. Re3
Bf6 29. b4 Rc8 30. Qc2 Bd4 31. Qh7 Bxe3 32. Qg8+ Ke7 33. Qxf7# 1-0

[Event "Druzynowe Mistrzostwa Polski Juniorow - Ekstraliga 2021"]
[Site "Lublin"]
[Date "1899-12-30"]
[Round "8.23"]
[White "Rejniak, Zuzanna"]
[Black "Wikar, Martyna"]
[Result "1/2-1/2"]
[WhiteTitle "k"]
[BlackTitle "k++"]
[WhiteElo "1754"]
[BlackElo "2125"]

1. e4 g6 2. d4 Bg7 3. Nc3 d6 4. f4 a6 5. Nf3 b5 6. Bd3 Bb7 7. O-O c5 8. dxc5 dxc5
9. e5 Nd7 10. Ng5 c4 11. Be4 Bxe4 12. Ncxe4 h6 13. Nf3 f5 14. Nc3 Qb6+ 15. Nd4
Rd8 16. Be3 Nc5 17. Qf3 Kf7 18. b4 Ne4 19. Nxf5 Nd2 20. Bxb6 Nxf3+ 21. Rxf3 Rb8
22. Bc7 Rc8 23. Nxg7 Rxc7 24. Ne4 Kxg7 25. Nc5 Rc6 26. Ra3 e6 27. Rd1 Ne7 28.
Rd7 Kf7 29. Rd6 Rxd6 30. exd6 Nd5 31. Rxa6 Nxb4 32. Ra7+ Kf6 33. d7 Rd8 34. Rc7
Ke7 35. a4 bxa4 36. Nxa4 Rxd7 37. Rxd7+ Kxd7 38. Nb6+ Ke7 39. Nxc4 1/2-1/2

[Event "Druzynowe Mistrzostwa Polski Juniorow - Ekstraliga 2021"]
[Site "Lublin"]
[Date "1899-12-30"]
[Round "8.24"]
[White "Pawicka, Magdalena"]
[Black "Pastuszko, Katarzyna"]
[Result "1/2-1/2"]
[WhiteTitle "k+"]
[BlackTitle "I++"]
[WhiteElo "1799"]
[BlackElo "1503"]

1. Nf3 d5 2. g3 Nf6 3. Bg2 c6 4. O-O h6 5. b3 Bf5 6. Bb2 e6 7. c4 Be7 8. d3 O-O
9. Nbd2 Nbd7 10. Rc1 a5 11. a3 Bh7 12. Rc2 Ne8 13. Qa1 Bf6 14. Bxf6 Qxf6 15. Qb1
Qe7 16. b4 Nc7 17. bxa5 Nc5 18. Nb3 Nxd3 19. exd3 Bxd3 20. c5 Nb5 21. Qd1 Bxc2
22. Qxc2 Nxa3 23. Qd3 Nc4 24. Ra1 Qf6 25. Qb1 Qc3 26. Qa2 e5 27. Ne1 Ra6 28. Rc1
Rxa5 29. Qb1 Nd2 30. Rxc3 Nxb1 31. Rc1 Rb5 32. Rxb1 Ra8 33. Nc2 Ra2 34. Bf1 Rxc2
35. Bxb5 cxb5 36. Na5 d4 37. Nxb7 d3 38. Rd1 e4 39. Nd6 b4 40. Nxe4 b3 41. Kg2
b2 42. Rb1 f5 43. Nc3 Rxc3 44. Rxb2 Rxc5 45. Rd2 Rd5 46. Kf3 Kf7 47. Ke3 Ke6 48.
Rxd3 Rxd3+ 49. Kxd3 Ke5 50. Ke4+ 1/2-1/2

[Event "Druzynowe Mistrzostwa Polski Juniorow - Ekstraliga 2021"]
[Site "Lublin"]
[Date "1899-12-30"]
[Round "8.25"]
[White "Luberanski, Jakub"]
[Black "Seemann, Jakub"]
[Result "0-1"]
[WhiteTitle "FM"]
[BlackTitle "FM"]
[WhiteElo "2306"]
[BlackElo "2305"]

1. e4 e6 2. d3 d5 3. Nd2 Nf6 4. Ngf3 c5 5. g3 Nc6 6. Bg2 Be7 7. O-O Qc7 8. Re1
b6 9. Nf1 dxe4 10. dxe4 Bb7 11. c3 O-O 12. e5 Rfd8 13. Qc2 Nd7 14. Bf4 Nf8 15.
h4 Ng6 16. h5 Nxf4 17. gxf4 Ba6 18. Ng3 Bd3 19. Qc1 c4 20. Bh3 Rd5 21. Nf1 Bc5
22. Ne3 Rd7 23. b4 Bf8 24. f5 Re8 25. fxe6 fxe6 26. Ng4 Rf7 27. Qe3 h6 28. Kh1
Kh8 29. Nh4 Ne7 30. f4 Nd5 31. Qg3 Nxf4 32. Ng6+ Nxg6 33. hxg6 Rf5 34. Nxh6 gxh6
35. Bxf5 exf5 36. Rad1 Bg7 37. Qh4 Qc6+ 38. Kg1 Qxg6+ 39. Kf2 Bxe5 40. Rg1 Qd6
41. Qh5 Bd4+ 42. cxd4 Qf4+ 43. Kg2 Re2+ 44. Kh1 Qe4+ 0-1

[Event "Druzynowe Mistrzostwa Polski Juniorow - Ekstraliga 2021"]
[Site "Lublin"]
[Date "1899-12-30"]
[Round "8.26"]
[White "Grochol, Kamil"]
[Black "Czopor, Maciej"]
[Result "1-0"]
[WhiteTitle "I++"]
[BlackTitle "FM"]
[WhiteElo "1978"]
[BlackElo "2279"]

1. e4 c5 2. Nf3 d6 3. d4 cxd4 4. Nxd4 Nf6 5. Nc3 a6 6. Be3 e6 7. Be2 Qc7 8. O-O
Be7 9. f4 O-O 10. Qe1 Nc6 11. Qg3 Nxd4 12. Bxd4 b5 13. a3 Bb7 14. Bd3 Rad8 15.
Rae1 Rd7 16. Kh1 Re8 17. e5 dxe5 18. Bxe5 Qd8 19. f5 Bd6 20. fxe6 Rxe6 21. Bxd6
Rdxd6 22. Rxe6 Rxe6 23. Qh4 g6 24. Ne2 Kg7 25. Nf4 Re5 26. h3 Qb6 27. Kh2 h6 28.
Qf2 Qd6 29. Kg1 Rg5 30. Qe3 Re5 31. Qf2 h5 32. Kh1 Qe7 33. Qd4 Re3 34. Kg1 Rg3
35. Rf2 Rg5 36. Re2 Qc7 37. Rf2 Qc6 38. b3 h4 39. a4 bxa4 40. bxa4 Ra5 41. c4
Kh6 42. Nd5 Nxd5 43. Qh8+ Kg5 44. g3 hxg3 45. h4+ Kg4 46. Qd4+ Nf4 47. Rxf4+ Kh3
48. Bf1+ Qg2+ 49. Bxg2+ Bxg2 50. c5 1-0

[Event "Druzynowe Mistrzostwa Polski Juniorow - Ekstraliga 2021"]
[Site "Lublin"]
[Date "1899-12-30"]
[Round "8.27"]
[White "Madej, Marek"]
[Black "Jendrowiak, Maciej"]
[Result "1-0"]
[WhiteTitle "I"]
[BlackTitle "II+"]
[WhiteElo "1805"]
[BlackElo "1472"]

1. e4 e6 2. d4 d5 3. Nd2 c5 4. exd5 Qxd5 5. dxc5 Bxc5 6. Ngf3 Nf6 7. Bc4 Qc6 8.
O-O O-O 9. Qe2 a6 10. a3 b6 11. b4 Bd6 12. Bb2 Nbd7 13. Nd4 Qc7 14. N2f3 Re8 15.
Ba2 Ne5 16. Rfd1 Bb7 17. Kh1 Ne4 18. Nxe5 Bxe5 19. f3 Nf6 20. Nb5 axb5 21. Bxe5
Qc8 22. Bb3 Nd5 23. Qd2 Qc6 24. Bxd5 exd5 25. Bd4 Re6 26. Re1 Rae8 27. c3 h6 28.
Kg1 Bc8 29. g4 Qc4 30. Kf2 Qc7 31. Kg2 Qc4 32. Rxe6 Rxe6 33. Re1 Qc6 34. h4 Qd7
35. h5 f5 36. Rxe6 Qxe6 37. g5 g6 38. gxh6 Kh7 39. Qg5 f4 40. Kf2 Qf5 41. hxg6+
Qxg6 42. Qe7+ Kxh6 43. Qf8+ Kh5 44. Qh8+ Kg5 45. Qxc8 Qc2+ 46. Kg1 Qd1+ 47. Kg2
Qe2+ 48. Bf2 1-0

[Event "Druzynowe Mistrzostwa Polski Juniorow - Ekstraliga 2021"]
[Site "Lublin"]
[Date "1899-12-30"]
[Round "8.28"]
[White "Seemann, Pola"]
[Black "Grot, Blazej"]
[Result "0-1"]
[WhiteTitle "I++"]
[BlackTitle "CM"]
[WhiteElo "1607"]
[BlackElo "1728"]

1. e4 c5 2. Nf3 e6 3. d4 cxd4 4. Nxd4 Nc6 5. Nc3 Qc7 6. Be2 a6 7. Be3 Nf6 8. O-O
d6 9. f4 Be7 10. Kh1 O-O 11. Qe1 Nxd4 12. Bxd4 b5 13. a3 Bb7 14. Qg3 Rad8 15.
Rae1 d5 16. Be5 Qb6 17. Bd3 d4 18. Nd1 Qc5 19. Bxf6 Bxf6 20. e5 Be7 21. f5 exf5
22. Bxf5 Qb6 23. e6 fxe6 24. Bd3 Bd5 25. Nf2 Qd6 26. Qh3 h6 27. Ng4 Bg5 28. Qh5
Rxf1+ 29. Rxf1 Rf8 30. Re1 Qf4 31. Rg1 e5 32. h4 Bf7 33. Bg6 Bxg6 34. Qxg6 Qxg4
0-1

[Event "Druzynowe Mistrzostwa Polski Juniorow - Ekstraliga 2021"]
[Site "Lublin"]
[Date "1899-12-30"]
[Round "8.29"]
[White "Harazinska, Magdalena"]
[Black "Kroliczek, Gabriela"]
[Result "1-0"]
[WhiteTitle "WFM"]
[BlackTitle "k"]
[WhiteElo "2034"]
[BlackElo "1990"]

1. d4 d5 2. Nf3 c6 3. g3 Nf6 4. Bg2 e6 5. O-O Bd6 6. b3 O-O 7. Bb2 Nbd7 8. c4 b6
9. Nbd2 Bb7 10. Ne5 Qc7 11. Nxd7 Qxd7 12. e4 dxe4 13. Nxe4 Be7 14. Qc2 Nxe4 15.
Bxe4 f5 16. Bg2 Bf6 17. Rad1 Rac8 18. Rfe1 Rfe8 19. Re3 Qd6 20. Qe2 Rcd8 21. Re1
Kf7 22. Qh5+ Kg8 23. Qe2 Kf7 24. Bh3 g6 25. Bg2 a5 26. a3 Ba6 27. c5 bxc5 28.
Qxa6 cxd4 29. Rd3 e5 30. Qxc6 e4 31. Qxd6 Rxd6 32. Rdd1 d3 33. Bxf6 Kxf6 34. b4
a4 35. Re3 Ke5 36. Bf1 Red8 37. Rd2 g5 38. f3 Kd4 39. Kf2 Kc3 40. Ke1 Kd4 41.
Kf2 Kc3 42. Rd1 Kc2 43. Ra1 Rd4 44. Ree1 d2 45. Red1 Rc8 46. Bb5 Ra8 47. Ke3 Rd5
48. Bc4 Rd6 49. fxe4 Re8 50. Bb5 Rxe4+ 51. Kf2 Rh6 52. Bxa4+ Kc3 53. Rh1 Rhe6
54. Bd1 g4 55. Rb1 Re1 56. Kg2 h5 57. b5 Rb6 58. a4 Kc4 59. Rf1 Re5 60. Rf2 Kc3
61. Rb3+ Kc4 62. Rxd2 Re1 63. Rbb2 Kc5 64. a5 1-0

[Event "Druzynowe Mistrzostwa Polski Juniorow - Ekstraliga 2021"]
[Site "Lublin"]
[Date "1899-12-30"]
[Round "8.30"]
[White "Gaszka, Zuzanna"]
[Black "Smietanska, Wiktoria"]
[Result "1/2-1/2"]
[WhiteTitle "I++"]
[BlackTitle "CM"]
[WhiteElo "1474"]
[BlackElo "1802"]

1. e4 c6 2. d4 d5 3. Nc3 dxe4 4. Nxe4 Nd7 5. Nf3 Ngf6 6. Bd3 Nxe4 7. Bxe4 Nf6 8.
Qe2 Nxe4 9. Qxe4 Qd5 10. Qxd5 cxd5 11. Bf4 Bf5 12. Kd2 Rc8 13. c3 e6 14. h3 Be7
15. Ne5 h6 16. Rhe1 b5 17. Nd3 Bxd3 18. Kxd3 b4 19. cxb4 Bxb4 20. Rec1 O-O 21.
f3 f6 22. a3 Be7 23. Bc7 Bd8 24. Bd6 Rxc1 25. Rxc1 Rf7 26. Rc8 Rd7 27. Bc5 Kf7
28. Bxa7 Rxa7 29. Rxd8 Rb7 30. Kc3 Rc7+ 31. Kd3 Rb7 32. Kc3 Rc7+ 33. Kd3 Rb7 34.
Kc3 Rc7+ 35. Kd3 Rb7 36. Kc2 Rc7+ 37. Kd3 1/2-1/2

[Event "Druzynowe Mistrzostwa Polski Juniorow - Ekstraliga 2021"]
[Site "Lublin"]
[Date "1899-12-30"]
[Round "9.1"]
[White "Seemann, Jakub"]
[Black "Luczak, Filip"]
[Result "0-1"]
[WhiteTitle "FM"]
[BlackTitle "FM"]
[WhiteElo "2305"]
[BlackElo "2313"]

1. d4 d5 2. c4 c6 3. Nf3 Nf6 4. e3 Bf5 5. Nc3 e6 6. Qb3 Qb6 7. Qxb6 axb6 8. Nh4
Be4 9. f3 Bc2 10. cxd5 cxd5 11. g4 g5 12. Ng2 h5 13. e4 dxe4 14. Bxg5 Nh7 15.
Bf4 Nc6 16. Ne3 Nxd4 17. fxe4 Bb4 18. Kf2 Bxc3 19. bxc3 Bxe4 20. Rg1 Nc6 21. Nc4
Nf6 22. gxh5 Rxh5 23. Be2 Rh3 24. Nd6+ Ke7 25. Rg7 Bg6 26. Rg1 Nh5 27. R1xg6 Nxf4
28. Rxf7+ Kxd6 29. Rxf4 Rxh2+ 30. Ke3 Rh3+ 31. Kf2 Rxa2 32. Re4 Ne5 0-1

[Event "Druzynowe Mistrzostwa Polski Juniorow - Ekstraliga 2021"]
[Site "Lublin"]
[Date "1899-12-30"]
[Round "9.2"]
[White "Poltorak, Sebastian"]
[Black "Grochol, Kamil"]
[Result "1/2-1/2"]
[WhiteTitle "k"]
[BlackTitle "I++"]
[WhiteElo "2181"]
[BlackElo "1978"]

1. e4 c5 2. Nc3 Nc6 3. g3 Rb8 4. f4 d6 5. Bg2 e5 6. d3 Be7 7. Nf3 exf4 8. Bxf4
Bf6 9. O-O Nge7 10. Qd2 O-O 11. Rae1 Be6 12. Nd5 Nxd5 13. exd5 Bxd5 14. c4 Be6
15. Ng5 Bxg5 16. Bxg5 Qd7 17. Rf2 d5 18. b3 Nd4 19. Be3 dxc4 20. dxc4 Rfd8 21.
Bg5 f6 22. Be3 Bf7 23. Bxd4 Qxd4 24. Qxd4 Rxd4 25. Re7 Rd1+ 26. Bf1 Kf8 27. Rc7
Be6 28. Kg2 Bd7 29. Be2 Rd2 30. Bf3 Bh3+ 31. Kg1 Rd7 32. Rxc5 Re8 33. Bg2 Re1+
34. Rf1 Rxf1+ 35. Kxf1 Bxg2+ 36. Kxg2 Ke7 37. Kf3 Rd2 38. Rc7+ Rd7 39. Rxd7+ Kxd7
40. Ke4 Ke6 41. g4 b6 42. a3 g6 43. h4 Kd6 44. h5 Kc5 45. h6 a5 46. Kd3 Kc6 47.
Kd4 Kd6 48. b4 axb4 49. axb4 Kc6 50. Ke4 Kd6 51. Kd4 1/2-1/2

[Event "Druzynowe Mistrzostwa Polski Juniorow - Ekstraliga 2021"]
[Site "Lublin"]
[Date "1899-12-30"]
[Round "9.3"]
[White "Jendrowiak, Maciej"]
[Black "Meers, Hubert"]
[Result "0-1"]
[WhiteTitle "II+"]
[BlackTitle "k"]
[WhiteElo "1472"]
[BlackElo "1974"]

1. d4 Nf6 2. Nf3 e6 3. g3 b6 4. Bg2 Bb7 5. O-O Be7 6. c4 O-O 7. b3 d5 8. Bb2 Ne4
9. Nbd2 f5 10. e3 Nd7 11. Nxe4 fxe4 12. Ne5 Bf6 13. Qg4 Qe7 14. Nxd7 Qxd7 15.
cxd5 Qxd5 16. f3 Qf5 17. Qxf5 exf5 18. Rac1 Rf7 19. f4 c5 20. Rfd1 Rd7 21. Rd2
cxd4 22. Bxd4 Ba6 23. Rcd1 Rad8 24. Bc3 Rd3 25. Bb4 Rc8 26. Kf2 Bb2 27. Bf1 Rxd2+
28. Rxd2 Bxf1 29. Rxb2 Rc1 30. Bd2 Rd1 31. Be1 Bd3 32. h3 Kf7 33. g4 fxg4 34.
hxg4 h6 35. Bc3 g6 36. Kg3 Rc1 37. Bd4 Bc2 38. Kf2 Ke6 39. Kg3 Rg1+ 40. Kf2 Rh1
41. Kg3 Bd1 42. Rd2 Bf3 43. Bg7 h5 44. Rh2 Rg1+ 45. Kf2 Rxg4 46. Bh6 Kf5 47. Bg5
Rxg5 48. fxg5 Kg4 49. b4 h4 50. Kg1 h3 51. a4 Kg3 52. a5 Bg2 53. axb6 axb6 54.
b5 Kf3 0-1